[Event "Frankfurt-chA"]
[Site "Frankfurt"]
[Date "2019.06.03"]
[Round "6"]
[White "Weber, Samuel"]
[Black "Bagatsch, Thomas"]
[Result "1/2-1/2"]
[WhiteElo "2147"]
[BlackElo "1973"]
[PlyCount "47"]
[EventDate "2019.04.29"]
[EventType "swiss"]
[EventRounds "7"]
[EventCountry "GER"]
[SourceTitle "EXT 2020"]
[Source "ChessBase"]
[SourceDate "2019.10.17"]
[SourceVersion "1"]
[SourceVersionDate "2019.10.17"]
[SourceQuality "1"]

1. e4 e5 2. Nf3 Nc6 3. Bc4 Bc5 4. d3 Nf6 5. c3 d6 6. a4 a6 7. Na3 Ne7 8. Bg5 Ng6 9. Nh4 Nf4 10. Bxf4 exf4 11. Nf3 d5 12. exd5 Nxd5 13. Qe2+ Be6 14. d4 Be7 15. 0-0 c6 16. Bd3 0-0 17. Nc4 Re8 18. Qc2 h6 19. a5 Qc7 20. Rfe1 Bf6 21. Nce5 c5 22. Qd2 Rad8 23. dxc5 Qxc5 24. Qc2 1/2-1/2

[Event "Hessen-chA"]
[Site "Frankfurt"]
[Date "2019.06.01"]
[Round "5"]
[White "Bagatsch, Thomas"]
[Black "Ochs, Daniel Elias"]
[Result "1/2-1/2"]
[WhiteElo "2087"]
[BlackElo "1906"]
[PlyCount "135"]
[EventDate "2019.05.30"]
[EventType "swiss"]
[EventRounds "7"]
[EventCountry "GER"]
[SourceTitle "EXT 2020"]
[Source "ChessBase"]
[SourceDate "2019.10.17"]
[SourceVersion "1"]
[SourceVersionDate "2019.10.17"]
[SourceQuality "1"]

1. e4 e6 2. c4 d5 3. cxd5 exd5 4. exd5 Nf6 5. Bb5+ Nbd7 6. Nc3 a6 7. Ba4 b5 8. Bb3 Bb7 9. Nf3 Be7 10. 0-0 0-0 11. d4 b4 12. Ne2 Bxd5 13. Ng3 Bxb3 14. axb3 Nb6 15. Qe2 Re8 16. Rxa6 Rxa6 17. Qxa6 Qd5 18. Qd3 Bd6 19. Nf5 Qc6 20. Bd2 Nbd5 21. Rc1 Qb6 22. Nxd6 cxd6 23. h3 h6 24. Nh4 Ne4 25. Re1 Nef6 26. Rxe8+ Nxe8 27. Nf5 Qa7 28. Qb5 Nec7 29. Qa4 Qb6 30. Qd7 Qa7 31. Nxd6 Qxd4 32. Qxf7+ Kh8 33. Nf5 Qxb2 34. g3 Qa1+ 35. Kg2 Qe5 36. Kh2 Qb2 37. Kg1 Qa1+ 38. Kg2 Qe5 39. Kf1 Qa1+ 40. Ke2 Qe5+ 41. Kf3 Ne6 42. h4 Nd4+ 43. Nxd4 Qxd4 44. Qe8+ Kh7 45. Qe4+ Qxe4+ 46. Kxe4 Nb6 47. Bxb4 Kg6 48. Bc5 Nd7 49. Bd4 Kf7 50. b4 g6 51. Kd5 g5 52. hxg5 hxg5 53. Kd6 Ke8 54. Kc7 Ke7 55. b5 Ke6 56. b6 Ke7 57. b7 Ke6 58. b8Q Nxb8 59. Kxb8 Kd5 60. Be3 g4 61. Kc7 Ke6 62. Kc6 Ke5 63. Kc5 Ke4 64. Kd6 Kf5 65. Kd5 Kf6 66. Ke4 Kg6 67. Kf4 Kh5 68. Kf5 1/2-1/2

[Event "Hessen-chA"]
[Site "Frankfurt"]
[Date "2019.06.01"]
[Round "6"]
[White "Oezdemir, Ali Oezden"]
[Black "Bagatsch, Thomas"]
[Result "1-0"]
[WhiteElo "1997"]
[BlackElo "2087"]
[PlyCount "95"]
[EventDate "2019.05.30"]
[EventType "swiss"]
[EventRounds "7"]
[EventCountry "GER"]
[SourceTitle "EXT 2020"]
[Source "ChessBase"]
[SourceDate "2019.10.17"]
[SourceVersion "1"]
[SourceVersionDate "2019.10.17"]
[SourceQuality "1"]

1. e4 e5 2. Nf3 Nc6 3. Bb5 a6 4. Ba4 d6 5. c3 f5 6. exf5 Bxf5 7. 0-0 Be7 8. d4 b5 9. d5 Nb8 10. Bc2 Bxc2 11. Qxc2 Qd7 12. a4 bxa4 13. Rxa4 Nf6 14. c4 0-0 15. Nc3 Qe8 16. Ng5 Qh5 17. Nce4 Nxe4 18. Nxe4 Nd7 19. Ng3 Qf7 20. Be3 Nf6 21. Qf5 Rfb8 22. b4 g6 23. Qd3 h5 24. Rfa1 Ng4 25. Ne4 Qf5 26. Bd2 Rf8 27. f3 Nf6 28. Nxf6+ Qxf6 29. Qe4 g5 30. Rxa6 Rxa6 31. Rxa6 g4 32. Ra3 Qg7 33. fxg4 Bg5 34. gxh5 Bxd2 35. Rg3 Bg5 36. h4 Rf4 37. Qe3 Rf1+ 38. Kxf1 Bxe3 39. Rxg7+ Kxg7 40. Ke2 Bd4 41. Kf3 Bc3 42. b5 Kf6 43. g4 Be1 44. Ke4 Bxh4 45. c5 Bf2 46. g5+ Kxg5 47. b6 cxb6 48. c6 1-0

[Event "Frankfurt-chA"]
[Site "Frankfurt"]
[Date "2018.05.14"]
[Round "3"]
[White "Bagatsch, Thomas"]
[Black "Sandten, Ulrich"]
[Result "1-0"]
[WhiteElo "1944"]
[BlackElo "2074"]
[PlyCount "49"]
[EventDate "2018.04.30"]
[EventType "swiss"]
[EventRounds "7"]
[EventCountry "GER"]
[SourceTitle "EXT 2019"]
[Source "ChessBase"]
[SourceDate "2018.10.10"]
[SourceVersion "1"]
[SourceVersionDate "2018.10.10"]
[SourceQuality "1"]

1. e4 e6 2. c4 d5 3. cxd5 exd5 4. exd5 Nf6 5. Bb5+ Nbd7 6. Nc3 Be7 7. d4 0-0 8. Nf3 Nb6 9. Ne5 Nbxd5 10. 0-0 Bf5 11. Qf3 Nxc3 12. bxc3 Be4 13. Qe2 a6 14. Ba4 b5 15. Bb3 c5 16. Bg5 Bd5 17. dxc5 Qc7 18. Bxf6 Bxb3 19. Bxe7 Qxe7 20. axb3 Rfe8 21. Rfe1 f6 22. c4 Qxc5 23. Nd3 Qd4 24. Qc2 Rxe1+ 25. Rxe1 1-0

[Event "Oberliga Ost-B 1617"]
[Site "Germany"]
[Date "2016.11.19"]
[Round "2.8"]
[White "Bagatsch, Thomas"]
[Black "Boehmer, Thomas"]
[Result "1/2-1/2"]
[WhiteElo "2101"]
[BlackElo "2037"]
[PlyCount "85"]
[EventDate "2016.10.16"]
[EventType "team-tourn"]
[EventRounds "11"]
[EventCountry "GER"]
[SourceTitle "EXT 2018"]
[Source "ChessBase"]
[SourceDate "2017.10.13"]
[SourceVersion "1"]
[SourceVersionDate "2017.10.13"]
[SourceQuality "1"]
[WhiteTeam "Frankfurt BvK"]
[BlackTeam "Wiesbaden"]
[WhiteTeamCountry "GER"]
[BlackTeamCountry "GER"]

1. e4 c6 2. d4 d5 3. exd5 cxd5 4. c4 Nf6 5. Nc3 Nc6 6. Nf3 Bg4 7. cxd5 Nxd5 8. Qb3 Bxf3 9. gxf3 e6 10. Qxb7 Nxd4 11. Bb5+ Nxb5 12. Qc6+ Ke7 13. Nxb5 Rc8 14. Qa6 Kf6 15. Rg1 h6 16. b3 Bb4+ 17. Kf1 Rxc1+ 18. Rxc1 Nf4 19. Rg4 g5 20. Nxa7 Qd2 21. Rxf4+ gxf4 22. Qc4 Ra8 23. Nb5 Rxa2 24. Qd4+ Qxd4 25. Nxd4 Rb2 26. Rc2 Rb1+ 27. Ke2 e5 28. Rc6+ Kg5 29. h4+ Kxh4 30. Nf5+ Kh3 31. Rxh6+ Kg2 32. Nh4+ Kg1 33. Rh7 Re1+ 34. Kd3 Kxf2 35. Rxf7 Kg3 36. Rh7 Kf2 37. Rb7 Ba3 38. Ra7 Bb2 39. Ra2 Re3+ 40. Kc4 Re2 41. Kd3 Ke1 42. b4 Rd2+ 43. Kc4 1/2-1/2

[Event "Frankfurt-chA"]
[Site "Frankfurt"]
[Date "2012.06.04"]
[Round "5"]
[White "Gutacker, Stephan"]
[Black "Bagatsch, Thomas"]
[Result "1-0"]
[WhiteElo "1806"]
[BlackElo "1984"]
[PlyCount "104"]
[EventDate "2012.04.30"]
[EventType "swiss"]
[EventRounds "7"]
[EventCountry "GER"]
[SourceTitle "EXT 2013"]
[Source "ChessBase"]
[SourceDate "2012.11.22"]
[SourceVersion "1"]
[SourceVersionDate "2012.11.22"]
[SourceQuality "1"]

1. e4 e5 2. Nf3 Nc6 3. d4 exd4 4. Nxd4 Qh4 5. Nc3 Bb4 6. Qd3 Nf6 7. Nxc6 dxc6 8. Bd2 0-0 9. g3 Qh5 10. Be2 Qg6 11. f3 Be6 12. Qe3 Rad8 13. Bd3 Qh5 14. g4 Qa5 15. h4 Rfe8 16. Kf1 c5 17. Kg2 c4 18. Be2 Bc5 19. Qf4 Bd6 20. Qg5 Qb6 21. Be3 Qxb2 22. Bd4 h6 23. Qb5 Qxb5 24. Nxb5 a6 25. Nxd6 Rxd6 26. Be3 Rdd8 27. g5 hxg5 28. hxg5 Nd7 29. Rh2 b5 30. Rah1 Kf8 31. f4 f5 32. gxf6 Nxf6 33. Bc5+ Kf7 34. e5 Rd2 35. Kf1 Bd5 36. Rg1 Ne4 37. Bh5+ Kg8 38. Rxd2 Nxd2+ 39. Ke2 Rd8 40. Ke3 Ne4 41. Be7 Rd7 42. Ba3 c5 43. Bf3 Nc3 44. Bxc5 Bxf3 45. Kxf3 Kf7 46. Bd6 Ke6 47. a3 Kd5 48. Bf8 Ke6 49. Bxg7 Nd5 50. Rg6+ Kf5 51. Rg5+ Ke6 52. f5+ Ke7 1-0

[Event "Frankfurt-ch"]
[Site "Frankfurt"]
[Date "2011.06.06"]
[Round "6"]
[White "Prenzler, Daniel"]
[Black "Bagatsch, Thomas"]
[Result "1-0"]
[WhiteElo "2197"]
[BlackElo "2116"]
[PlyCount "79"]
[EventDate "2011.05.02"]
[EventType "swiss"]
[EventRounds "7"]
[EventCountry "GER"]
[SourceTitle "EXT 2012"]
[Source "ChessBase"]
[SourceDate "2011.11.24"]
[SourceVersion "1"]
[SourceVersionDate "2011.11.24"]
[SourceQuality "1"]

1. e4 e5 2. Nf3 Nc6 3. d4 exd4 4. Nxd4 Nf6 5. Nxc6 bxc6 6. e5 Nd5 7. c4 Bb4+ 8. Nd2 Nf4 9. a3 Bxd2+ 10. Qxd2 Ng6 11. Be2 Nxe5 12. Qc3 Qf6 13. f4 Ng6 14. Qxf6 gxf6 15. Bd2 0-0 16. 0-0 d5 17. Ba5 Ba6 18. Bxc7 Rfe8 19. Rae1 Rxe2 20. Rxe2 Bxc4 21. Rc2 Bxf1 22. Kxf1 Rc8 23. Bd6 f5 24. b4 a6 25. a4 Nf8 26. b5 Nd7 27. Rxc6 Rxc6 28. bxc6 Nb6 29. Bc5 Nc8 30. Ke2 Kg7 31. Ke3 Kf6 32. Kd4 Ke6 33. a5 Nd6 34. Bxd6 Kxd6 35. c7 Kxc7 36. Kxd5 Kd7 37. h4 h5 38. Ke5 Kc6 39. Kxf5 Kb5 40. g4 1-0

[Event "Oberliga Ost-B 0910"]
[Site "Germany"]
[Date "2009.11.29"]
[Round "4.8"]
[White "Pichl, Michael"]
[Black "Bagatsch, Thomas"]
[Result "1-0"]
[WhiteElo "2037"]
[BlackElo "2126"]
[PlyCount "153"]
[EventDate "2009.10.18"]
[EventType "team-tourn"]
[EventRounds "11"]
[EventCountry "GER"]
[SourceTitle "EXT 2011"]
[Source "ChessBase"]
[SourceDate "2010.11.26"]
[SourceVersion "1"]
[SourceVersionDate "2010.11.26"]
[SourceQuality "1"]
[WhiteTeam "Erfurt Empor"]
[BlackTeam "Frankfurt BvK"]
[WhiteTeamCountry "GER"]
[BlackTeamCountry "GER"]

1. g3 Nf6 2. Bg2 d5 3. Nf3 Bg4 4. d3 Nc6 5. Nbd2 Qd7 6. h3 Bh5 7. 0-0 e6 8. c3 Be7 9. b4 a6 10. a3 0-0 11. Bb2 Rfe8 12. Re1 Rad8 13. Qc2 Bf8 14. Rad1 h6 15. Kh2 Qc8 16. Nb3 Be7 17. c4 dxc4 18. Qxc4 Nd5 19. Rc1 Bf6 20. Bxf6 Nxf6 21. Qc3 Nd5 22. Qb2 Nce7 23. Rc5 c6 24. Rec1 Qd7 25. Nbd2 Nc8 26. a4 Qe7 27. b5 Ncb6 28. Qb3 Nd7 29. R5c4 cxb5 30. axb5 a5 31. Qa2 b6 32. Nd4 Nb4 33. Qa4 Nc5 34. Rxc5 bxc5 35. Nc6 Nxc6 36. bxc6 Bxe2 37. Qxa5 Bxd3 38. c7 Rc8 39. Rxc5 Ba6 40. Qb6 Bd3 41. Bb7 e5 42. Bxc8 Rxc8 43. Rd5 Bf5 44. Rd8+ Kh7 45. Rxc8 Bxc8 46. Ne4 Qd7 47. h4 Qd4 48. Qxd4 exd4 49. Kg1 Kg6 50. Kf1 Ba6+ 51. Ke1 Kh5 52. Nd6 d3 53. Nxf7 Kg4 54. Ne5+ Kf5 55. Nxd3 Bc8 56. Nc5 Ke5 57. Na4 Kd6 58. Nb6 Kxc7 59. Nxc8 Kxc8 60. Ke2 Kd7 61. Ke3 Ke6 62. Kf4 Kf6 63. h5 Ke6 64. Ke4 Kf6 65. f4 Ke6 66. g4 Kf6 67. Kd5 Ke7 68. Ke5 Kf7 69. Kf5 Kf8 70. Kg6 Kg8 71. f5 Kh8 72. f6 Kg8 73. g5 gxf6 74. gxf6 Kh8 75. Kxh6 Kg8 76. Kg6 Kh8 77. h6 1-0

[Event "Hessen-ch Gr-B 62nd"]
[Site "Hanau"]
[Date "2008.03.21"]
[Round "4"]
[White "Czech, Ludwig"]
[Black "Bagatsch, Thomas"]
[Result "0-1"]
[WhiteElo "2057"]
[BlackElo "2098"]
[PlyCount "132"]
[EventDate "2008.03.19"]
[EventType "swiss"]
[EventRounds "7"]
[EventCountry "GER"]
[SourceTitle "CBM 123 Extra"]
[Source "ChessBase"]
[SourceDate "2008.05.06"]
[SourceVersion "1"]
[SourceVersionDate "2008.05.06"]
[SourceQuality "1"]

1. c4 Nf6 2. g3 e5 3. Bg2 Bc5 4. Nc3 0-0 5. d3 Re8 6. e3 c6 7. Nge2 d5 8. 0-0 dxc4 9. dxc4 Qc7 10. Na4 Bf8 11. Qc2 Bg4 12. f3 Be6 13. e4 Na6 14. Be3 Nb4 15. Qc3 Rad8 16. Nc5 a5 17. Nc1 Bc8 18. a3 Bxc5 19. Bxc5 Na6 20. Be3 c5 21. Ne2 b6 22. Qc2 Nb8 23. Nc3 Nc6 24. Nb5 Qb8 25. Bg5 Nd4 26. Nxd4 Rxd4 27. Be3 Rd6 28. Rfd1 Red8 29. Bf1 Qc7 30. Rxd6 Rxd6 31. Rd1 Nd7 32. Bh3 Ba6 33. Rd5 Bb7 34. Rxd6 Qxd6 35. Bxd7 Qxd7 36. Qd2 Qxd2 37. Bxd2 a4 38. Bc3 f6 39. Kf2 Ba6 40. Ke3 Bxc4 41. f4 exf4+ 42. Kxf4 Kf7 43. e5 Ke6 44. exf6 gxf6 45. g4 Bd3 46. h4 Be2 47. Kg3 b5 48. Kf4 Bd1 49. Kg3 h5 50. gxh5 Bxh5 51. Kf4 Bg6 52. Be1 Kd5 53. h5 Bxh5 54. Kf5 Kc4 55. Kxf6 b4 56. Bf2 Kb5 57. Ke5 c4 58. axb4 Kxb4 59. Bd4 a3 60. bxa3+ Kxa3 61. Kd5 Kb3 62. Be3 c3 63. Bd4 c2 64. Be3 Kb2 65. Kd4 c1Q 66. Bxc1+ Kxc1 0-1

[Event "Hessen-ch Gr-B 62nd"]
[Site "Hanau"]
[Date "2008.03.20"]
[Round "3"]
[White "Bagatsch, Thomas"]
[Black "Rasche, Hannes"]
[Result "1-0"]
[WhiteElo "2098"]
[BlackElo "2033"]
[PlyCount "89"]
[EventDate "2008.03.19"]
[EventType "swiss"]
[EventRounds "7"]
[EventCountry "GER"]
[SourceTitle "CBM 123 Extra"]
[Source "ChessBase"]
[SourceDate "2008.05.06"]
[SourceVersion "1"]
[SourceVersionDate "2008.05.06"]
[SourceQuality "1"]

1. e4 e6 2. c4 d5 3. cxd5 exd5 4. Qb3 Qe7 5. Nc3 c6 6. d3 Nd7 7. Be3 dxe4 8. dxe4 Qb4 9. Nf3 Qxb3 10. axb3 Bc5 11. e5 Bxe3 12. fxe3 Nh6 13. Bc4 Ke7 14. 0-0 b5 15. Nxb5 cxb5 16. Bd5 Rb8 17. Rxa7 Rb6 18. Nd4 Re8 19. Nc6+ Rxc6 20. Bxc6 Ng4 21. Bxb5 Nxe3 22. Rc1 Nd5 23. Rxc8 Rxc8 24. Bxd7 Rc1+ 25. Kf2 Nc7 26. Bb5 Rc5 27. Bc4 Kd8 28. Bxf7 Rxe5 29. Bc4 Rc5 30. Ke3 Ke7 31. Kd4 Kd6 32. Rb7 Rh5 33. h3 Rg5 34. g4 h5 35. Rb6+ Ke7 36. Rc6 Ne8 37. Rc5 Rxc5 38. Kxc5 hxg4 39. hxg4 Kd8 40. g5 Kc7 41. Kd5 Nd6 42. Ke6 Ne4 43. Kf5 Nd6+ 44. Kg6 Ne4 45. Bd5 1-0

[Event "Oberliga Ost-B 0708"]
[Site "Germany"]
[Date "2007.12.09"]
[Round "5.8"]
[White "Jakob, Matthias"]
[Black "Bagatsch, Thomas"]
[Result "0-1"]
[WhiteElo "2071"]
[BlackElo "2121"]
[PlyCount "42"]
[EventDate "2007.10.07"]
[EventType "team-tourn"]
[EventRounds "11"]
[EventCountry "GER"]
[SourceTitle "EXT 2009"]
[Source "ChessBase"]
[SourceDate "2008.11.26"]
[SourceVersion "1"]
[SourceVersionDate "2008.11.26"]
[SourceQuality "1"]
[WhiteTeam "Erfurt Medizin"]
[BlackTeam "Frankfurt BvK"]
[WhiteTeamCountry "GER"]
[BlackTeamCountry "GER"]

1. d4 Nf6 2. Nf3 d6 3. Nc3 Bg4 4. e4 Nbd7 5. h3 Bh5 6. Be3 e5 7. Be2 Be7 8. d5 0-0 9. g4 Bg6 10. Nd2 c6 11. h4 cxd5 12. exd5 Rc8 13. Rc1 Rxc3 14. bxc3 Nxd5 15. Nb1 Nxe3 16. fxe3 Bxh4+ 17. Kd2 Bg5 18. Qg1 Qa5 19. Bd3 Qd5 20. c4 Qa5+ 21. c3 Bxd3 0-1

[Event "Frankfurt-ch"]
[Site "Frankfurt"]
[Date "2006.05.22"]
[Round "5"]
[White "Schlamp, Robert"]
[Black "Bagatsch, Thomas"]
[Result "1-0"]
[WhiteElo "2228"]
[BlackElo "1979"]
[PlyCount "65"]
[EventDate "2006.04.24"]
[EventType "swiss"]
[EventRounds "7"]
[EventCountry "GER"]
[SourceTitle "EXT 2007"]
[Source "ChessBase"]
[SourceDate "2006.11.23"]
[SourceVersion "1"]
[SourceVersionDate "2006.11.23"]
[SourceQuality "1"]

1. e4 e5 2. Nf3 Nc6 3. Bb5 a6 4. Bxc6 dxc6 5. d4 exd4 6. Qxd4 Qxd4 7. Nxd4 Nf6 8. 0-0 Bc5 9. c3 0-0 10. f3 Be6 11. Be3 Rad8 12. Nd2 Bc8 13. b4 Be7 14. N2b3 Nd7 15. Nf5 Bf6 16. Bd4 Rfe8 17. Rad1 Kf8 18. Na5 Bxd4+ 19. cxd4 Nf6 20. Ne3 Re7 21. Rd3 g6 22. Rfd1 Kg7 23. a3 h6 24. Nec4 Rde8 25. Nd2 Rd8 26. Ndb3 Rde8 27. Kf2 Rd8 28. Nc5 b6 29. Nxc6 bxc5 30. Nxe7 c4 31. Rc3 Bb7 32. Rxc4 Rd7 33. Nc6 1-0

[Event "Frankfurt-ch"]
[Site "Frankfurt"]
[Date "2006.05.15"]
[Round "4"]
[White "Bagatsch, Thomas"]
[Black "Lisanti, Andre"]
[Result "0-1"]
[WhiteElo "1979"]
[BlackElo "2281"]
[PlyCount "106"]
[EventDate "2006.04.24"]
[EventType "swiss"]
[EventRounds "7"]
[EventCountry "GER"]
[SourceTitle "EXT 2007"]
[Source "ChessBase"]
[SourceDate "2006.11.23"]
[SourceVersion "1"]
[SourceVersionDate "2006.11.23"]
[SourceQuality "1"]

1. e4 c5 2. Nf3 d6 3. Bb5+ Bd7 4. c4 Nf6 5. Nc3 g6 6. 0-0 Bg7 7. d4 cxd4 8. Qxd4 Nc6 9. Bxc6 bxc6 10. Bg5 0-0 11. Qd2 Be6 12. b3 d5 13. e5 Ne4 14. Nxe4 dxe4 15. Nd4 Bxe5 16. Nxe6 Qxd2 17. Bxd2 Bxa1 18. Nxf8 Bd4 19. Re1 Rxf8 20. Rxe4 e5 21. Kf1 f5 22. Re1 Kf7 23. Be3 Bxe3 24. Rxe3 Ke6 25. Rd3 e4 26. Rd4 Rf7 27. Rd8 Rd7 28. Rc8 Kd6 29. b4 a5 30. b5 cxb5 31. cxb5 a4 32. Rc4 Ra7 33. b6 Rb7 34. Rxa4 Rxb6 35. Ra7 h6 36. Ke2 Ke5 37. a4 Rb2+ 38. Ke1 Rb1+ 39. Ke2 Rb2+ 40. Ke1 g5 41. a5 Kf4 42. a6 Ra2 43. Kf1 h5 44. h3 Ra1+ 45. Ke2 h4 46. Rg7 Rxa6 47. g3+ hxg3 48. fxg3+ Kxg3 49. Rxg5+ Kf4 50. Rh5 Ra2+ 51. Kf1 e3 52. h4 Ke4 53. Rh8 Kf3 0-1

[Event "Oberliga Ost-B 0506"]
[Site "Germany"]
[Date "2006.04.01"]
[Round "10.8"]
[White "Bagatsch, Thomas"]
[Black "Reichel, Norbert"]
[Result "0-1"]
[WhiteElo "2125"]
[BlackElo "2148"]
[PlyCount "98"]
[EventDate "2005.11.13"]
[EventType "team-tourn"]
[EventRounds "11"]
[EventCountry "GER"]
[SourceTitle "EXT 2007"]
[Source "ChessBase"]
[SourceDate "2006.11.23"]
[SourceVersion "1"]
[SourceVersionDate "2006.11.23"]
[SourceQuality "1"]
[WhiteTeam "Frankfurt BvK"]
[BlackTeam "Erfurt Medizin"]
[WhiteTeamCountry "GER"]
[BlackTeamCountry "GER"]

1. e4 c5 2. Nf3 Nc6 3. Bb5 g6 4. 0-0 Bg7 5. Bxc6 dxc6 6. Re1 Nf6 7. a4 b6 8. d3 0-0 9. Nbd2 Qc7 10. Nc4 Ba6 11. Bg5 Rad8 12. Qe2 h6 13. Bh4 Nh5 14. e5 Bc8 15. Qe3 Kh7 16. h3 Bh8 17. a5 Ng7 18. axb6 axb6 19. g4 Rfe8 20. Bg3 Ne6 21. Ra3 Bb7 22. h4 Ra8 23. Rxa8 Rxa8 24. h5 g5 25. Qe4+ Kg8 26. Ne3 Bg7 27. Nf5 Bf8 28. Nd2 b5 29. f4 Ra2 30. fxg5 Nxg5 31. Qe3 Qa5 32. Bf4 Qxd2 33. Bxg5 Qxe3+ 34. Bxe3 Rxb2 35. Re2 c4 36. dxc4 Rb4 37. Bxh6 Rxc4 38. Ne3 Bxh6 39. Nxc4 bxc4 40. Re4 Ba6 41. Kf2 Kg7 42. Rd4 c3 43. Kf3 Bb5 44. Ke4 Bd2 45. Rd7 e6 46. Ra7 Be2 47. Rc7 Bxg4 48. h6+ Bxh6 49. Rxc6 Bf5+ 0-1